Telecommunication and Estimation Theories (Concepts and Applications)
Ebook from IG Library
Bewaard in:
| Hoofdauteur: | |
|---|---|
| Formaat: | Boek |
| Taal: | Undetermined |
| Gepubliceerd in: |
World Technologies
2012
|
| Onderwerpen: | |
| Online toegang: | http://lrc.tdmu.edu.vn/opac/search/detail.asp?aID=2&ID=39021 |
| Tags: |
Voeg label toe
Geen labels, Wees de eerste die dit record labelt!
|
| Thư viện lưu trữ: | Trung tâm Học liệu Trường Đại học Thủ Dầu Một |
|---|
| LEADER | 00702nam a2200181Ia 4500 | ||
|---|---|---|---|
| 001 | TDMU_39021 | ||
| 008 | 210410s9999 xx 000 0 und d | ||
| 082 | |a 379.1 | ||
| 100 | |a Ginny, Clouse | ||
| 245 | 0 | |a Telecommunication and Estimation Theories (Concepts and Applications) | |
| 245 | 0 | |c Clouse Ginny | |
| 260 | |b World Technologies | ||
| 260 | |c 2012 | ||
| 300 | |a 125Pages | ||
| 520 | |a Ebook from IG Library | ||
| 650 | |a Telecommunication |x Estimation Theories; Concepts |x Applications; Lý thuyết viễn thông |x Khái niệm |x Ứng dụng | ||
| 856 | |u http://lrc.tdmu.edu.vn/opac/search/detail.asp?aID=2&ID=39021 | ||
| 980 | |a Trung tâm Học liệu Trường Đại học Thủ Dầu Một | ||